000 00463nam a2200169Ia 4500
003 GCL
008 140319s9999 xx 000 0 ara d
040 _aGCL /
_cGCL
082 0 4 _a891.991
_bك ع
100 1 _aاسماعيل كادارة
245 1 0 _aالعرس /
_cاسماعيل كادارة
700 1 _aعبداللطيف الارناوؤط
490 _a
650 0 4 _aالادب العربى
650 0 4 _aالقصة القصيرة
942 _2ddc
_cBK
999 _c39972
_d39972